Human development report 1998

Αποθηκεύτηκε σε:
Λεπτομέρειες βιβλιογραφικής εγγραφής
Συγγραφή απο Οργανισμό/Αρχή: United Nations Development Programme
Μορφή: Βιβλίο
Γλώσσα:English
Δημοσίευση: New York : Oxford University Press, 1998
Θέματα:
Ετικέτες: Προσθήκη ετικέτας
Δεν υπάρχουν, Καταχωρήστε ετικέτα πρώτοι!

MARC

LEADER 00000cam a2200000 i 4500
001 1/70232
008 981119s1998 eng d
020 |a 0195124596 
035 |l 10030586 
040 |a GR-MY-UA  |b gre  |e aacr 
041 0 |a eng 
082 0 |a 338.9105 
110 2 |a United Nations Development Programme. 
245 1 0 |a Human development report 1998 /  |c United Nations Development Programme (UNDP) 
260 |a New York :   |b Oxford University Press,   |c 1998 
300 |a xii, 228 p. 
504 |a Includes index 
650 0 0 |a Human capital. 
650 0 0 |a Labor supply. 
852 |a INST  |b CHIOS  |e 19981119  |h 338.9105 HUM  |p 005200015272  |q 005200015272  |t BK  |y 0 
852 |a INST  |b CHIOS  |e 20000224  |h 338.9105 HUM  |p 005200018570  |q 005200018570  |t BK  |y 0 
901 |a BIBL-1998-3 
901 |a BIBL2-2000-1 
909 |a Χ  |b 055084 
909 |a Χ  |b 074649 
922 |a 2ΔΩΡ  |b 199811